[Event "M.Chigorin Memorial -2016 "]
[Site "Ð¡Ð°Ð½ÐºÑ‚-ÐŸÐµÑ‚ÐµÑ€Ð±ÑƒÑ€Ð³"]
[Date "2016.10.15"]
[Round "1.110"]
[White "Protasova, Anastasia"]
[Black "Tishova, Svetlana"]
[Result "0-1"]
[WhiteElo "1847"]
[BlackElo "2317"]
[PlyCount "56"]
[EventDate "2016.10.15"]

1. d4 Nf6 2. c4 e6 3. Nf3 d5 4. Nc3 Be7 5. Bf4 O-O 6. e3 b6 7. cxd5 exd5 8. Bd3
c5 9. Qc2 Nc6 10. a3 cxd4 11. Nb5 Bd7 12. Nbxd4 Rc8 13. Qe2 Bg4 14. Nxc6 Rxc6
15. O-O Nh5 16. h3 Nxf4 17. exf4 Bc8 18. Ne5 Rf6 19. Bb5 Bd6 20. Nc6 Qc7 21.
Rac1 Qb7 22. Rfe1 Be6 23. Ba6 Qa8 24. g3 Bxh3 25. Ne7+ Kh8 26. Qh5 Be6 27. Nc6
Bf5 28. Qd1 Bxf4 0-1

[Event "M.Chigorin Memorial -2016 "]
[Site "Ð¡Ð°Ð½ÐºÑ‚-ÐŸÐµÑ‚ÐµÑ€Ð±ÑƒÑ€Ð³"]
[Date "2016.10.15"]
[Round "1.111"]
[White "Kononenko, Dmitry"]
[Black "Rubtsov, Aleksandr"]
[Result "1/2-1/2"]
[WhiteElo "2315"]
[BlackElo "1844"]
[PlyCount "88"]
[EventDate "2016.10.15"]

1. e4 e5 2. Nf3 Nc6 3. d4 exd4 4. Nxd4 Nf6 5. Nc3 Bb4 6. Nxc6 bxc6 7. Bd3 O-O
8. O-O d5 9. exd5 cxd5 10. Bg5 c6 11. h3 Re8 12. Qf3 Rb8 13. Rab1 Bd6 14. Rfd1
h6 15. Bh4 Be5 16. Bg3 Qc7 17. Bxe5 Rxe5 18. b4 Qe7 19. a3 g6 20. Ne2 Bf5 21.
Nd4 Bd7 22. Qf4 g5 23. Qf3 Re8 24. c4 c5 25. bxc5 dxc4 26. Bxc4 Rxc5 27. Bb5
Ne4 28. Bxd7 Qxd7 29. Nb3 Rd5 30. Nc5 Qc6 31. Rxd5 Qxd5 32. Nxe4 Qxe4 33. Qd1
Qe7 34. g3 Qxa3 35. Rb7 Qa6 36. Qf3 Qa2 37. Kh2 a6 38. Rb6 Re6 39. Rb8+ Kg7 40.
Qc3+ Rf6 41. Rb2 Qe6 42. Qd4 Qd6 43. Qc3 Qe6 44. Qd4 Qd6 1/2-1/2

[Event "M.Chigorin Memorial -2016 "]
[Site "Ð¡Ð°Ð½ÐºÑ‚-ÐŸÐµÑ‚ÐµÑ€Ð±ÑƒÑ€Ð³"]
[Date "2016.10.15"]
[Round "1.112"]
[White "Terekhov, Dmitriy"]
[Black "Belous, Mikhail"]
[Result "0-1"]
[WhiteElo "1844"]
[BlackElo "2314"]
[PlyCount "54"]
[EventDate "2016.10.15"]

1. Nf3 Nf6 2. d4 g6 3. c4 Bg7 4. Nc3 O-O 5. e4 d6 6. h3 e5 7. d5 Nh5 8. g3 f5
9. Be2 Na6 10. Bg5 Qe8 11. Nd2 Nf6 12. h4 Nc5 13. Qc2 a5 14. Be3 Na6 15. h5 f4
16. gxf4 exf4 17. Bd4 Nb4 18. Qb3 Nxe4 19. Bxg7 Nd3+ 20. Kd1 Ndxf2+ 21. Kc1
Nxd2 22. Kxd2 Qe3+ 23. Ke1 Kxg7 24. h6+ Kg8 25. Nd1 Qxb3 26. axb3 Nxh1 27. Bf3
Ng3 0-1

[Event "M.Chigorin Memorial -2016 "]
[Site "Ð¡Ð°Ð½ÐºÑ‚-ÐŸÐµÑ‚ÐµÑ€Ð±ÑƒÑ€Ð³"]
[Date "2016.10.15"]
[Round "1.114"]
[White "Pilchin, Uri"]
[Black "Nazaretyan, Tigran"]
[Result "0-1"]
[WhiteElo "1839"]
[BlackElo "2308"]
[PlyCount "74"]
[EventDate "2016.10.15"]

1. d4 Nf6 2. c4 e6 3. Nf3 c5 4. d5 exd5 5. cxd5 d6 6. Nc3 g6 7. e4 Bg7 8. Be2
O-O 9. O-O Re8 10. Nd2 b6 11. f4 Na6 12. f5 Nc7 13. fxg6 hxg6 14. Qe1 Rb8 15.
a4 a6 16. Qh4 b5 17. axb5 axb5 18. Bd3 c4 19. Nxc4 bxc4 20. Bxc4 Ng4 21. Qxd8
Bd4+ 22. Kh1 Rxd8 23. h3 Nf2+ 24. Kh2 Re8 25. Ne2 Bc5 26. b3 Nxe4 27. Bh6 Bb7
28. Rad1 f5 29. g4 fxg4 30. hxg4 Nf2 31. Rxf2 Bxf2 32. Rf1 Be3 33. g5 Bxd5 34.
Rf6 Bxc4 35. Rxg6+ Kh8 36. bxc4 Rb2 37. Bg7+ Kh7 0-1

[Event "M.Chigorin Memorial -2016 "]
[Site "Ð¡Ð°Ð½ÐºÑ‚-ÐŸÐµÑ‚ÐµÑ€Ð±ÑƒÑ€Ð³"]
[Date "2016.10.15"]
[Round "1.115"]
[White "Martynov, Roman"]
[Black "Vorobyova, Valeriya"]
[Result "1-0"]
[WhiteElo "2307"]
[BlackElo "1830"]
[PlyCount "105"]
[EventDate "2016.10.15"]

1. d4 Nf6 2. c4 g6 3. Nf3 Bg7 4. g3 O-O 5. Bg2 d5 6. cxd5 Nxd5 7. O-O Nc6 8.
Nc3 Nb6 9. e3 Be6 10. b3 Nd5 11. Na4 Bc8 12. Bb2 Ncb4 13. Qe2 c6 14. Rfd1 b6
15. Qd2 Na6 16. Rac1 Bb7 17. a3 Rc8 18. Qe2 e6 19. e4 Ne7 20. Nc3 Nc7 21. Ne5
Ba6 22. Qe3 Nb5 23. Ne2 Qd6 24. a4 Nxd4 25. Nxd4 Qxe5 26. Nxc6 Qc7 27. Bxg7
Kxg7 28. Nb4 Qb7 29. Rxc8 Rxc8 30. Qd4+ Kg8 31. e5 Nd5 32. Nxd5 exd5 33. Bxd5
Qe7 34. Re1 Rd8 35. e6 f6 36. Qe4 Kg7 37. h4 Bc8 38. Rc1 Re8 39. Qf4 Bxe6 40.
Rc7 Bxd5 41. g4 Bf7 42. Rxe7 Rxe7 43. Qd4 Bxb3 44. Qb4 Rd7 45. Qxb3 Rd4 46. Qe6
a6 47. f3 b5 48. a5 b4 49. Qe7+ Kg8 50. Qxf6 Rd3 51. Qxa6 Rxf3 52. Qa8+ Rf8 53.
Qxf8+ 1-0

[Event "M.Chigorin Memorial -2016 "]
[Site "Ð¡Ð°Ð½ÐºÑ‚-ÐŸÐµÑ‚ÐµÑ€Ð±ÑƒÑ€Ð³"]
[Date "2016.10.15"]
[Round "1.116"]
[White "Moshkov, Vyacheslav"]
[Black "Salemgareev, Tagir"]
[Result "0-1"]
[WhiteElo "1826"]
[BlackElo "2305"]
[PlyCount "94"]
[EventDate "2016.10.15"]

1. e4 c5 2. Nf3 d6 3. d4 cxd4 4. Nxd4 Nf6 5. Nc3 g6 6. Be3 Bg7 7. f3 O-O 8. Qd2
Nc6 9. O-O-O d5 10. exd5 Nxd5 11. Nxc6 bxc6 12. Bd4 e5 13. Bc5 Be6 14. Ne4 Qc8
15. Bc4 Rd8 16. Bb3 a5 17. Ba4 h6 18. Ba3 Qc7 19. Nc5 Bf5 20. Qe2 Nb4 21. Bb3
Qe7 22. Qf2 Rdb8 23. g4 Bc8 24. Rhe1 Rb5 25. Ne4 Be6 26. Kb1 a4 27. Bxe6 Qxe6
28. Nc3 Rb7 29. Qc5 Bf8 30. Qxe5 Qxe5 31. Rxe5 Nd5 32. Bxf8 Nxc3+ 33. Kc1 Nxd1
34. Ba3 Nf2 35. Bc5 Nh3 36. Be3 Ng5 37. f4 Nf3 38. Rc5 Re8 39. Bf2 Re2 40. Bg3
Rbe7 41. c3 Rb7 42. b3 axb3 43. axb3 Ra7 44. Kb1 Raa2 45. f5 Reb2+ 46. Kc1 Nd2
47. Rxc6 Rb1# 0-1

[Event "M.Chigorin Memorial -2016 "]
[Site "Ð¡Ð°Ð½ÐºÑ‚-ÐŸÐµÑ‚ÐµÑ€Ð±ÑƒÑ€Ð³"]
[Date "2016.10.15"]
[Round "1.117"]
[White "Demianjuk, Alexander"]
[Black "Zhemchuzhina, Elizaveta"]
[Result "1-0"]
[WhiteElo "2302"]
[BlackElo "1825"]
[PlyCount "111"]
[EventDate "2016.10.15"]

1. e4 c5 2. Nf3 e6 3. d4 cxd4 4. Nxd4 Nf6 5. Nc3 Bb4 6. e5 Nd5 7. Bd2 Bxc3 8.
bxc3 O-O 9. Bd3 d6 10. exd6 Qxd6 11. O-O e5 12. Nb5 Qc6 13. c4 Nf6 14. Bb4 Re8
15. Qd2 Be6 16. Rfe1 Nbd7 17. Qe3 Nb6 18. Qc5 e4 19. Bf1 Qxc5 20. Bxc5 Rec8 21.
Bd4 Bxc4 22. Bxc4 Rxc4 23. c3 Rc6 24. Rab1 Nfd5 25. Rxe4 a6 26. Na7 Rg6 27.
Rbe1 Re6 28. Rxe6 fxe6 29. Rxe6 Nc4 30. h4 Kf7 31. Re4 g6 32. Bc5 Na5 33. c4
Nc3 34. Re7+ Kf6 35. Rxh7 Nxa2 36. g4 Nc1 37. Kg2 Ncb3 38. Be3 Rf8 39. Rc7 Rf7
40. Rc8 Ke6 41. Rg8 Nxc4 42. Rxg6+ Rf6 43. Rg8 Nxe3+ 44. fxe3 Kf7 45. Rc8 Rb6
46. h5 a5 47. g5 a4 48. Rc7+ Kg8 49. Nc8 a3 50. Nxb6 a2 51. Rc8+ Kg7 52. Ra8
a1=Q 53. Rxa1 Nxa1 54. Kf3 Nb3 55. Kf4 Nc5 56. Kf5 1-0

[Event "M.Chigorin Memorial -2016 "]
[Site "Ð¡Ð°Ð½ÐºÑ‚-ÐŸÐµÑ‚ÐµÑ€Ð±ÑƒÑ€Ð³"]
[Date "2016.10.15"]
[Round "1.118"]
[White "Khlopushin, Dmitriy"]
[Black "Fedotov, Nikita"]
[Result "0-1"]
[WhiteElo "1824"]
[BlackElo "2302"]
[PlyCount "54"]
[EventDate "2016.10.15"]

1. e4 e6 2. d4 d5 3. e5 c5 4. c3 Nc6 5. Nf3 Bd7 6. Na3 cxd4 7. cxd4 Bxa3 8.
bxa3 Qb6 9. Be2 Nge7 10. O-O Nf5 11. Be3 Nxe3 12. fxe3 Qd8 13. Rb1 b6 14. Qe1
Qe7 15. Qg3 O-O 16. Bd3 h6 17. Nh4 Qxa3 18. Rbd1 Nb4 19. Bb1 Nxa2 20. Rd3 Nc3
21. Qe1 Rfc8 22. Qf2 Qe7 23. Rxc3 Rxc3 24. Qd2 Rac8 25. Nf3 Bb5 26. Rd1 Qa3 27.
h3 Rc1 0-1

[Event "M.Chigorin Memorial -2016 "]
[Site "Ð¡Ð°Ð½ÐºÑ‚-ÐŸÐµÑ‚ÐµÑ€Ð±ÑƒÑ€Ð³"]
[Date "2016.10.15"]
[Round "1.119"]
[White "Bao, Qilin"]
[Black "Atovmian, Artem"]
[Result "1-0"]
[WhiteElo "2301"]
[BlackElo "1823"]
[PlyCount "71"]
[EventDate "2016.10.15"]

1. d4 d5 2. Nf3 Nf6 3. c4 c6 4. e3 Bf5 5. Nc3 e6 6. Nh4 Bg4 7. Qb3 Qc7 8. h3
Bh5 9. g4 Bg6 10. Nxg6 hxg6 11. Bg2 Nbd7 12. Bd2 Nb6 13. cxd5 exd5 14. O-O-O
Nc4 15. Be1 a5 16. e4 Ra6 17. exd5 cxd5 18. Qb5+ Qc6 19. g5 Qxb5 20. Nxb5 Rc6
21. Bc3 Ne4 22. Rhe1 Be7 23. Bxe4 Bxg5+ 24. f4 Bxf4+ 25. Kb1 dxe4 26. Rxe4+ Kf8
27. Rxf4 Rb6 28. a4 Rxh3 29. d5 Ne3 30. Rd3 Rh1+ 31. Ka2 Ng2 32. Rg4 Rh4 33.
Rxg2 Rxa4+ 34. Na3 Ra6 35. d6 Ra8 36. Rh2 1-0

[Event "M.Chigorin Memorial -2016 "]
[Site "Ð¡Ð°Ð½ÐºÑ‚-ÐŸÐµÑ‚ÐµÑ€Ð±ÑƒÑ€Ð³"]
[Date "2016.10.15"]
[Round "1.120"]
[White "Rudikov, Dmitry"]
[Black "Shchukin, Dmitry"]
[Result "0-1"]
[WhiteElo "1823"]
[BlackElo "2300"]
[PlyCount "79"]
[EventDate "2016.10.15"]

1. d4 d6 2. c4 e5 3. dxe5 dxe5 4. Qxd8+ Kxd8 5. Nf3 f6 6. e4 Bb4+ 7. Bd2 Nc6 8.
Nc3 Bg4 9. a3 Bxf3 10. gxf3 Nd4 11. O-O-O Bxc3 12. Bxc3 c5 13. f4 Nh6 14. fxe5
fxe5 15. Rg1 g6 16. f4 Ke7 17. fxe5 Rad8 18. Bxd4 Rxd4 19. Rxd4 cxd4 20. Bh3
Nf7 21. e6 Ne5 22. Rd1 Rd8 23. c5 Rc8 24. b4 b6 25. Rxd4 bxc5 26. bxc5 Rxc5+
27. Kb2 h5 28. Rd5 Rxd5 29. exd5 Nf3 30. Kc2 g5 31. Kd3 g4 32. Bf1 Nxh2 33. Be2
g3 34. Ke3 h4 35. a4 a5 36. Bb5 h3 37. Be2 Kd6 38. Bb5 Ng4+ 39. Kf3 g2 40. Kxg4
0-1

[Event "M.Chigorin Memorial -2016 "]
[Site "Ð¡Ð°Ð½ÐºÑ‚-ÐŸÐµÑ‚ÐµÑ€Ð±ÑƒÑ€Ð³"]
[Date "2016.10.15"]
[Round "1.121"]
[White "Askerov, Marat"]
[Black "Mushak, Alexander"]
[Result "1-0"]
[WhiteElo "2299"]
[BlackElo "1818"]
[PlyCount "101"]
[EventDate "2016.10.15"]

1. d4 g6 2. c4 Bg7 3. Nf3 d6 4. g3 Nf6 5. Bg2 O-O 6. O-O c6 7. Nc3 d5 8. Ne5
dxc4 9. Nxc4 Nd5 10. e4 Nb6 11. Ne5 Bxe5 12. dxe5 Qxd1 13. Rxd1 Kg7 14. b3 f6
15. exf6+ exf6 16. Ba3 Re8 17. Rd6 Na6 18. Rad1 Kf7 19. Ne2 Nc7 20. Bb2 Be6 21.
Nf4 Nb5 22. Rxe6 Rxe6 23. Nxe6 Kxe6 24. Bh3+ Ke7 25. a4 Nd6 26. a5 Nd7 27. Bxd7
Kxd7 28. Ba3 c5 29. Bxc5 Kc6 30. Bxd6 Rd8 31. Rc1+ Kxd6 32. Rd1+ Kc7 33. Rxd8
Kxd8 34. f4 Kc7 35. Kf2 Kc6 36. Ke3 Kc5 37. e5 f5 38. Kd3 Kd5 39. Kc3 Kc5 40.
b4+ Kd5 41. Kd3 h6 42. Kc3 g5 43. Kd3 b6 44. axb6 axb6 45. Kc3 g4 46. Kd3 b5
47. Kc3 Kc6 48. Kd4 h5 49. e6 Kd6 50. e7 Kxe7 51. Ke5 1-0

[Event "M.Chigorin Memorial -2016 "]
[Site "Ð¡Ð°Ð½ÐºÑ‚-ÐŸÐµÑ‚ÐµÑ€Ð±ÑƒÑ€Ð³"]
[Date "2016.10.15"]
[Round "1.122"]
[White "Kuznetsov, Mikhail"]
[Black "Li, Yankai"]
[Result "0-1"]
[WhiteElo "1801"]
[BlackElo "2298"]
[PlyCount "58"]
[EventDate "2016.10.15"]

1. d4 Nf6 2. Bf4 e6 3. e3 c5 4. c3 Nc6 5. Nf3 d5 6. Bd3 Bd6 7. Bg3 O-O 8. Nbd2
b6 9. Ne5 Bb7 10. Ndf3 Ne7 11. Qb1 Qc7 12. Ng5 g6 13. Bf4 Nh5 14. O-O Bc8 15.
Ngf3 f6 16. Bh6 fxe5 17. dxe5 Bxe5 18. Bxf8 Kxf8 19. Qd1 Bg7 20. Re1 Nf6 21.
Rc1 e5 22. e4 dxe4 23. Bxe4 Nxe4 24. Rxe4 Bf6 25. Qd2 Bf5 26. Ree1 e4 27. Ng5
Rd8 28. Qe3 Nd5 29. Qxe4 Bxg5 0-1

[Event "M.Chigorin Memorial -2016 "]
[Site "Ð¡Ð°Ð½ÐºÑ‚-ÐŸÐµÑ‚ÐµÑ€Ð±ÑƒÑ€Ð³"]
[Date "2016.10.15"]
[Round "1.123"]
[White "Ibadov, Dashgyn"]
[Black "Maksimovich, Sergey"]
[Result "1-0"]
[WhiteElo "2294"]
[BlackElo "1797"]
[PlyCount "101"]
[EventDate "2016.10.15"]

1. e4 e6 2. d4 d5 3. Nd2 Nf6 4. e5 Nfd7 5. Bd3 c5 6. c3 Nc6 7. Ne2 f6 8. Nf4
Qe7 9. Nf3 fxe5 10. dxe5 Ncxe5 11. Nxe5 Nxe5 12. Qh5+ Nf7 13. Bxh7 Qf6 14. Ng6
Rxh7 15. Qxh7 Bd6 16. O-O Kd8 17. h4 Kc7 18. Bg5 Nxg5 19. hxg5 Qxg5 20. Qxg7+
Bd7 21. Rfe1 Re8 22. Qf7 e5 23. f4 exf4 24. Rxe8 f3 25. Qxf3 Bxe8 26. Nf8 Qh6
27. Re1 Qh2+ 28. Kf2 Bh5 29. Ne6+ Kd7 30. Qh3 Qxh3 31. gxh3 Be7 32. Kg2 Bg6 33.
Kg3 Be4 34. Nf4 Bd6 35. Kg4 b5 36. h4 b4 37. c4 Kc6 38. cxd5+ Bxd5 39. Nxd5
Kxd5 40. Rd1+ Kc6 41. b3 Be5 42. Kf5 Bc3 43. Ke4 a5 44. h5 Kb5 45. Kd5 a4 46.
h6 axb3 47. axb3 c4 48. bxc4+ Ka4 49. c5 Kb3 50. c6 Kc2 51. Rh1 1-0

[Event "M.Chigorin Memorial -2016 "]
[Site "Ð¡Ð°Ð½ÐºÑ‚-ÐŸÐµÑ‚ÐµÑ€Ð±ÑƒÑ€Ð³"]
[Date "2016.10.15"]
[Round "1.124"]
[White "Seregina, Maria"]
[Black "Tran, Minh Thang"]
[Result "0-1"]
[WhiteElo "1797"]
[BlackElo "2293"]
[PlyCount "74"]
[EventDate "2016.10.15"]

1. d4 Nf6 2. Nf3 g6 3. Bf4 Bg7 4. e3 d5 5. Bd3 c5 6. c3 O-O 7. h3 Qb6 8. Qb3
Nc6 9. Qxb6 axb6 10. Bb5 Bf5 11. Nbd2 c4 12. Bxc6 bxc6 13. Ne5 Rfc8 14. g4 Be6
15. Ke2 c5 16. dxc5 bxc5 17. b3 cxb3 18. axb3 h5 19. f3 Nd7 20. Rxa8 Rxa8 21.
Nxd7 Bxd7 22. Rc1 Ra2 23. Ke1 Bc8 24. Bg3 Ba6 25. Bc7 Bd3 26. Kd1 Ra6 27. Ke1
Bf6 28. Bg3 Bg5 29. f4 Bf6 30. g5 Bg7 31. h4 Kf8 32. Bh2 Ke8 33. Nf3 Ra2 34.
Nd2 Bc2 35. b4 Bxc3 36. bxc5 Bxd2+ 37. Kxd2 Bf5+ 0-1

[Event "M.Chigorin Memorial -2016 "]
[Site "Ð¡Ð°Ð½ÐºÑ‚-ÐŸÐµÑ‚ÐµÑ€Ð±ÑƒÑ€Ð³"]
[Date "2016.10.15"]
[Round "1.125"]
[White "Bykov, Egor"]
[Black "Golikov, Sergei"]
[Result "1-0"]
[WhiteElo "2292"]
[BlackElo "1789"]
[PlyCount "91"]
[EventDate "2016.10.15"]

1. d4 d5 2. Nf3 Nf6 3. Bf4 c5 4. c3 cxd4 5. cxd4 Nc6 6. Nc3 a6 7. e3 g6 8. Be2
Bg7 9. h3 O-O 10. O-O Bf5 11. Rc1 Rc8 12. Na4 b5 13. Nc5 Qb6 14. g4 Be6 15.
Nxe6 fxe6 16. Ne1 Nd7 17. Nd3 Qb7 18. Bg3 e5 19. dxe5 Ncxe5 20. Rxc8 Rxc8 21.
Nf4 Nb6 22. Ne6 Nf7 23. Nxg7 Kxg7 24. Qd4+ Kg8 25. h4 Nd7 26. Rd1 e6 27. e4 Qb6
28. exd5 Qxd4 29. Rxd4 exd5 30. Rxd5 Nf6 31. Rd4 Rc2 32. Bd1 Rxb2 33. Bb3 Kg7
34. g5 Nh5 35. Rd7 Rxb3 36. axb3 Nxg3 37. fxg3 a5 38. Rd5 a4 39. b4 h6 40.
gxh6+ Nxh6 41. Rxb5 Nf5 42. Kh2 Nd4 43. Ra5 Kh6 44. Rxa4 g5 45. hxg5+ Kxg5 46.
b5 1-0

[Event "M.Chigorin Memorial -2016 "]
[Site "Ð¡Ð°Ð½ÐºÑ‚-ÐŸÐµÑ‚ÐµÑ€Ð±ÑƒÑ€Ð³"]
[Date "2016.10.15"]
[Round "1.126"]
[White "Levi, Netanel"]
[Black "Paszewski, Mateusz"]
[Result "0-1"]
[WhiteElo "1789"]
[BlackElo "2291"]
[PlyCount "48"]
[EventDate "2016.10.15"]

1. e4 c5 2. Nf3 d6 3. d4 cxd4 4. Nxd4 Nf6 5. Nc3 g6 6. Be3 Bg7 7. f3 O-O 8. Qd2
Nc6 9. g4 Be6 10. Nxe6 fxe6 11. Bc4 Qc8 12. O-O-O Ne5 13. Be2 Nfd7 14. h4 Nc4
15. Bxc4 Qxc4 16. h5 Bxc3 17. bxc3 Qxa2 18. Qh2 Ne5 19. Rdf1 Nc4 20. Kd1 Nxe3+
21. Ke2 Nxf1 22. Kxf1 Qb1+ 23. Kg2 Qxc2+ 24. Kg3 Qxh2+ 0-1

[Event "M.Chigorin Memorial -2016 "]
[Site "Ð¡Ð°Ð½ÐºÑ‚-ÐŸÐµÑ‚ÐµÑ€Ð±ÑƒÑ€Ð³"]
[Date "2016.10.15"]
[Round "1.127"]
[White "Gogolev, Artem"]
[Black "Shadunts, Kirill"]
[Result "1-0"]
[WhiteElo "2287"]
[BlackElo "1787"]
[PlyCount "71"]
[EventDate "2016.10.15"]

1. Nf3 d5 2. c4 d4 3. e3 c5 4. exd4 cxd4 5. d3 Nc6 6. g3 e5 7. Bg2 Bd6 8. O-O
Nge7 9. a3 a5 10. Nbd2 O-O 11. Qc2 b6 12. Re1 Ra7 13. Rb1 a4 14. Ne4 Bc7 15. b4
axb3 16. Qxb3 Kh8 17. Bd2 f5 18. Neg5 h6 19. c5 hxg5 20. cxb6 Bxb6 21. Qxb6
Rxa3 22. Qxd8 Rxd8 23. Bxg5 Rg8 24. Bxe7 Nxe7 25. Nxe5 Kh7 26. Rb4 Ng6 27. Nxg6
Kxg6 28. Rxd4 f4 29. Rxf4 Re8 30. Be4+ Kg5 31. Rc1 Ra5 32. h4+ Kh5 33. Rc6 Be6
34. Bf3+ Kg6 35. Re4 Kf6 36. Bg4 1-0

[Event "M.Chigorin Memorial -2016 "]
[Site "Ð¡Ð°Ð½ÐºÑ‚-ÐŸÐµÑ‚ÐµÑ€Ð±ÑƒÑ€Ð³"]
[Date "2016.10.15"]
[Round "1.128"]
[White "Kvachko, Anastasiya"]
[Black "Leontiev, Aleksandr V"]
[Result "0-1"]
[WhiteElo "1780"]
[BlackElo "2285"]
[PlyCount "82"]
[EventDate "2016.10.15"]

1. e4 Nf6 2. e5 Nd5 3. d4 d6 4. Nf3 Bg4 5. Be2 e6 6. O-O Be7 7. c4 Nb6 8. Nc3
O-O 9. Be3 d5 10. c5 Bxf3 11. gxf3 Nc8 12. f4 Bh4 13. Bd3 Nc6 14. f5 exf5 15.
Bxf5 g6 16. Bc2 Kh8 17. Qf3 f6 18. exf6 Bxf6 19. Qxd5 N8e7 20. Qc4 Nxd4 21. Be4
Qd7 22. Kh1 Nec6 23. Rad1 Rad8 24. f3 Qh3 25. Bxd4 Rxd4 26. Rxd4 Nxd4 27. Nd5
Bg7 28. Qd3 c6 29. Nc3 Ne6 30. Rf2 Nxc5 31. Qd6 Nxe4 32. Nxe4 Qf5 33. Qe7 Qf7
34. Qh4 Qxa2 35. Ng5 h6 36. Qh3 Rf5 37. Ne4 Qb1+ 38. Kg2 Qc1 39. Qg3 Kh7 40.
Rd2 Qxd2+ 41. Nxd2 Rg5 0-1

[Event "M.Chigorin Memorial -2016 "]
[Site "Ð¡Ð°Ð½ÐºÑ‚-ÐŸÐµÑ‚ÐµÑ€Ð±ÑƒÑ€Ð³"]
[Date "2016.10.15"]
[Round "1.129"]
[White "Khakimov, Timur"]
[Black "Valov, Vasilii"]
[Result "1-0"]
[WhiteElo "2281"]
[BlackElo "1779"]
[PlyCount "61"]
[EventDate "2016.10.15"]

1. e4 e6 2. d4 d5 3. Nd2 Nf6 4. e5 Nfd7 5. c3 c5 6. Bd3 Nc6 7. Ne2 f6 8. exf6
Nxf6 9. O-O Bd6 10. Nf3 cxd4 11. cxd4 O-O 12. Bf4 Bxf4 13. Nxf4 Ne4 14. Qc1 Qf6
15. Ne2 Qg6 16. Qe3 Qg4 17. h3 Rxf3 18. hxg4 Rxe3 19. fxe3 e5 20. Bxe4 dxe4 21.
d5 Bxg4 22. dxc6 Bxe2 23. cxb7 Rb8 24. Rac1 Ba6 25. Rc8+ Rxc8 26. bxc8=Q+ Bxc8
27. Rc1 Be6 28. b3 a5 29. Rc5 a4 30. bxa4 Bxa2 31. a5 1-0

[Event "M.Chigorin Memorial -2016 "]
[Site "Ð¡Ð°Ð½ÐºÑ‚-ÐŸÐµÑ‚ÐµÑ€Ð±ÑƒÑ€Ð³"]
[Date "2016.10.15"]
[Round "1.130"]
[White "Ismagilov, Igor"]
[Black "Iljin, Timofey"]
[Result "0-1"]
[WhiteElo "1775"]
[BlackElo "2279"]
[PlyCount "78"]
[EventDate "2016.10.15"]

1. d4 d5 2. Bf4 c5 3. c3 Nc6 4. e3 Nf6 5. Nd2 Bf5 6. Ngf3 e6 7. Be2 Bd6 8. Ne5
h6 9. Bg3 O-O 10. O-O Qc7 11. f4 Rab8 12. Bh4 Nd7 13. Ndf3 f6 14. Nxd7 Qxd7 15.
Bd3 c4 16. Bc2 b5 17. a3 a5 18. Qd2 b4 19. Bxf5 exf5 20. axb4 axb4 21. Ra6 bxc3
22. bxc3 Rb3 23. Rfa1 Rfb8 24. Be1 Rb2 25. Qd1 Qe8 26. Bd2 Bf8 27. Qa4 R8b5 28.
Ra8 Qe4 29. Qa6 Nb8 30. Qc8 Rb6 31. Qc7 Kh7 32. Qf7 Be7 33. Kf2 Qd3 34. Qxe7
Rxd2+ 35. Kg3 Rxg2+ 36. Kxg2 Qe2+ 37. Kg3 Rb2 38. R8a7 Qg2+ 39. Kh4 Qg4# 0-1

[Event "M.Chigorin Memorial -2016 "]
[Site "Ð¡Ð°Ð½ÐºÑ‚-ÐŸÐµÑ‚ÐµÑ€Ð±ÑƒÑ€Ð³"]
[Date "2016.10.15"]
[Round "1.131"]
[White "Srinath, Rao S.V"]
[Black "Titievskaya, Elizaveta"]
[Result "1-0"]
[WhiteElo "2279"]
[BlackElo "1774"]
[PlyCount "49"]
[EventDate "2016.10.15"]

1. e4 e5 2. Nf3 Nc6 3. Bc4 Nf6 4. d3 Bc5 5. O-O O-O 6. Bg5 h6 7. Be3 Bb6 8. Nc3
d6 9. h3 Na5 10. Bb3 Nxb3 11. axb3 c6 12. Qe2 Nh7 13. d4 f6 14. Rfd1 Qc7 15.
dxe5 fxe5 16. Bxb6 Qxb6 17. Rxd6 Qc7 18. Rad1 Qe7 19. Qc4+ Kh8 20. Qc5 Re8 21.
Nxe5 Qxe5 22. Qxe5 Rxe5 23. Rd8+ Nf8 24. Rxf8+ Kh7 25. Rdd8 1-0

[Event "M.Chigorin Memorial -2016 "]
[Site "Ð¡Ð°Ð½ÐºÑ‚-ÐŸÐµÑ‚ÐµÑ€Ð±ÑƒÑ€Ð³"]
[Date "2016.10.15"]
[Round "1.132"]
[White "Tsao, Yui"]
[Black "Amina, Battsooj"]
[Result "0-1"]
[WhiteElo "1768"]
[BlackElo "2274"]
[PlyCount "108"]
[EventDate "2016.10.15"]

1. b3 g6 2. Bb2 Nf6 3. e4 d6 4. Nf3 Bg7 5. d3 O-O 6. Be2 c5 7. O-O Nc6 8. Nbd2
Re8 9. Re1 Nxe4 10. Bxg7 Nxd2 11. Bh6 Nxf3+ 12. Bxf3 Nd4 13. Bd5 e6 14. Be4 d5
15. c3 Nb5 16. Bf3 Nxc3 17. Qc1 Nb5 18. Qxc5 Bd7 19. Qe3 Qf6 20. Bg4 Nd4 21.
Bd1 Nf5 22. Qd2 e5 23. Bg5 Qd6 24. Qb2 f6 25. Bd2 Bb5 26. Be2 Rac8 27. Rac1 Nd4
28. Bf1 Qa6 29. Qb1 Qe6 30. Qb2 Qf5 31. Qb1 Ne6 32. a4 Bc6 33. b4 d4 34. Qb3
Red8 35. b5 Bd5 36. Qb4 b6 37. Rxc8 Rxc8 38. Qe7 Rc7 39. Qe8+ Kg7 40. Rc1 Nc5
41. Bb4 Qe6 42. Qd8 Qf7 43. Bxc5 bxc5 44. a5 c4 45. dxc4 Bxc4 46. b6 axb6 47.
axb6 Rd7 48. Qc8 Be6 49. Rc7 Rxc7 50. Qxc7 Qxc7 51. bxc7 Bc8 52. Bc4 Kf8 53.
Kf1 Ke7 54. Bg8 h6 0-1

[Event "M.Chigorin Memorial -2016 "]
[Site "Ð¡Ð°Ð½ÐºÑ‚-ÐŸÐµÑ‚ÐµÑ€Ð±ÑƒÑ€Ð³"]
[Date "2016.10.15"]
[Round "1.133"]
[White "Danielyan, Vahe"]
[Black "Zolotyh, Lev"]
[Result "1-0"]
[WhiteElo "2270"]
[BlackElo "1767"]
[PlyCount "101"]
[EventDate "2016.10.15"]

1. e4 e5 2. Nf3 Nc6 3. Nc3 Nf6 4. Be2 Be7 5. O-O O-O 6. d4 exd4 7. Nxd4 d5 8.
Nxc6 bxc6 9. e5 Ne8 10. Bf3 Ba6 11. Re1 Rb8 12. Ne2 f6 13. Nd4 Qd7 14. Nxc6 Rb5
15. Bxd5+ Kh8 16. Nxe7 Qxe7 17. c4 Rb8 18. exf6 Qxf6 19. Be3 c6 20. Bd4 Qh6 21.
Be3 Qg6 22. Bf3 Rxb2 23. Bc5 Rg8 24. Bh5 Qf5 25. Qd4 Rb8 26. Bg4 Qf6 27. Be6
Qxd4 28. Bxd4 Rf8 29. Bxa7 Ra8 30. Bc5 Rf4 31. g3 Rf6 32. Be7 Rf3 33. Kg2 Rc3
34. Bb4 Rc2 35. Rec1 Re2 36. Bg4 Re4 37. Bf3 Rxc4 38. Rxc4 Bxc4 39. Bxc6 Rc8
40. Bf3 Rb8 41. Bc3 Nf6 42. a4 Bd5 43. Bxf6 Bxf3+ 44. Kxf3 gxf6 45. a5 Kg8 46.
a6 Kf7 47. a7 Ra8 48. Ke4 Ke6 49. Ra6+ Ke7 50. Kd5 Kd7 51. Rxf6 1-0

[Event "M.Chigorin Memorial -2016 "]
[Site "Ð¡Ð°Ð½ÐºÑ‚-ÐŸÐµÑ‚ÐµÑ€Ð±ÑƒÑ€Ð³"]
[Date "2016.10.15"]
[Round "1.134"]
[White "Yun, Vyacheslav"]
[Black "Dimitrova, Aleksandra"]
[Result "1/2-1/2"]
[WhiteElo "1766"]
[BlackElo "2269"]
[PlyCount "70"]
[EventDate "2016.10.15"]

1. e4 c5 2. Nf3 e6 3. d4 cxd4 4. Nxd4 a6 5. c4 Bb4+ 6. Bd2 Bc5 7. Nb3 Ba7 8.
Nc3 Nc6 9. Be2 Nf6 10. O-O Qc7 11. Rc1 O-O 12. Kh1 d6 13. Bg5 Ne8 14. f4 Ne7
15. Qe1 f5 16. Bd3 fxe4 17. Bxe4 Nf6 18. Bd3 Bd7 19. Bxf6 Rxf6 20. Ne4 Rh6 21.
Ng5 Rf8 22. Nxh7 Rxh7 23. Bxh7+ Kxh7 24. Qh4+ Kg8 25. Qxe7 Be3 26. Rcd1 Bxf4
27. c5 d5 28. Nd4 Rf7 29. Qh4 e5 30. Ne2 Bb5 31. Rf2 g5 32. Qh5 Qxc5 33. Nxf4
Qxf2 34. Qg6+ Kf8 35. Qd6+ Kg8 1/2-1/2

[Event "M.Chigorin Memorial -2016 "]
[Site "Ð¡Ð°Ð½ÐºÑ‚-ÐŸÐµÑ‚ÐµÑ€Ð±ÑƒÑ€Ð³"]
[Date "2016.10.15"]
[Round "1.135"]
[White "Chu, Wei Chao"]
[Black "Sokolov, Ilia"]
[Result "1-0"]
[WhiteElo "2268"]
[BlackElo "1762"]
[PlyCount "51"]
[EventDate "2016.10.15"]

1. d4 Nf6 2. Nf3 g6 3. c4 Bg7 4. Nc3 O-O 5. e4 c6 6. Bd3 d5 7. e5 Ne8 8. h3
dxc4 9. Bxc4 Nc7 10. O-O Be6 11. b3 Nd7 12. Ba3 Bxc4 13. bxc4 c5 14. Rb1 cxd4
15. Qxd4 Nxe5 16. Qxd8 Nxf3+ 17. gxf3 Rfxd8 18. Rxb7 Rd3 19. Rxc7 Rxc3 20. Bxe7
Be5 21. Rc6 Re8 22. Bh4 Rxf3 23. Kg2 Ra3 24. Re1 Kf8 25. Bg5 Bg7 26. Be7+ 1-0

[Event "M.Chigorin Memorial -2016 "]
[Site "Ð¡Ð°Ð½ÐºÑ‚-ÐŸÐµÑ‚ÐµÑ€Ð±ÑƒÑ€Ð³"]
[Date "2016.10.15"]
[Round "1.136"]
[White "Stepanov, Ivan"]
[Black "Ovchinnikov, Vsevolod"]
[Result "0-1"]
[WhiteElo "1760"]
[BlackElo "2263"]
[PlyCount "76"]
[EventDate "2016.10.15"]

1. Nf3 Nf6 2. g3 g6 3. Bg2 Bg7 4. O-O O-O 5. c4 d5 6. cxd5 Nxd5 7. Nc3 Nb6 8.
d3 Nc6 9. Bg5 h6 10. Be3 e5 11. Qd2 Kh7 12. Rfc1 Nd4 13. Ne1 f5 14. Rab1 c6 15.
b4 Rb8 16. b5 c5 17. a4 Be6 18. a5 Nc8 19. Bxd4 exd4 20. b6 dxc3 21. Qf4 Nxb6
22. axb6 axb6 23. Qa4 Ra8 24. Qb5 Ba2 25. Bxb7 Ra5 26. Qxb6 Bxb1 27. Qxb1 Qc7
28. Bd5 Rb8 29. Qc2 Rb2 30. Qd1 Rd2 31. Qb3 Rxe2 32. Bg8+ Kh8 33. Bf7 Ra6 34.
Bc4 Rb6 35. Qa4 Rb8 36. Nc2 Qb7 37. d4 Qb2 38. Re1 Qxc2 0-1